000 00242nam a22001097a 4500
040 _cDLC
082 _a891.4391
_bAQE
100 _aGhalib
_987234
245 _aIntikhaab Qalam Khwaja Mir
_cMir Taqi Mir
260 _a?
_b?
_c?
942 _2ddc
_cBK
999 _c587486
_d587486